000 00202nam a22000977a 4500
082 _a050
245 _aGRUHSHOBHA - HINDI - MAY (SECOND) 2017
300 _a116P
490 _aMAY (SECOND) 2017
942 _cCR
999 _c3623
_d3623